Mong muốn quê hương ngày càng giàu đẹp…
Shranjeno v:
| Glavni avtor: | |
|---|---|
| Format: | Knjiga |
| Jezik: | Undetermined |
| Teme: | |
| Online dostop: | http://lrc.tdmu.edu.vn/opac/search/detail.asp?aID=2&ID=23645 |
| Oznake: |
Označite
Brez oznak, prvi označite!
|
| Thư viện lưu trữ: | Trung tâm Học liệu Trường Đại học Thủ Dầu Một |
|---|
| LEADER | 00743nam a2200145Ia 4500 | ||
|---|---|---|---|
| 001 | TDMU_23645 | ||
| 008 | 210410s9999 xx 000 0 und d | ||
| 082 | |a 959.704 | ||
| 100 | |a Nhóm P.V | ||
| 245 | 0 | |a Mong muốn quê hương ngày càng giàu đẹp… | |
| 245 | 0 | |c Nhóm P.V | |
| 300 | |a 3tr | ||
| 650 | |a Ký ức chiến tranh ; Cựu chiến binh Nguyễn Văn Định ; Cựu chiến binh Nguyễn Văn Bảo ; Thượng tá Trần Xuân Ngọ; Cựu Chiến binh Nguyễn Hữu Giáo; Cựu chiến binh Nguyễn Thạnh; Lịch sử | ||
| 856 | |u http://lrc.tdmu.edu.vn/opac/search/detail.asp?aID=2&ID=23645 | ||
| 980 | |a Trung tâm Học liệu Trường Đại học Thủ Dầu Một | ||